000 00296nam a22001337a 4500
008 181009b xxu||||| |||| 00| 0 eng d
020 _a9780205659562
041 _aeng
080 _26th
_a940
100 _a16
101 _aHIS
245 _aWorld Civilizations
_cStearns,P.N
942 _2udc
_cBK
999 _c49203
_d49203